Statistics for Formula One Racing: Early 2000s

Click here to take the quiz!

General Stats

  • This quiz has been taken 23 times
  • The average score is 88 of 182

Answer Stats

#Nat.Answer% Correct
Lucky Strike BAR Honda
100%
3DEUMichael Schumacher
100%
1FINMika Häkkinen
100%
4BRARubens Barrichello
100%
21ESPFernando Alonso
94%
9DEURalf Schumacher
94%
Benson & Hedges Jordan
88%
Benson & Hedges Jordan Ford
88%
Benson & Hedges Jordan Honda
88%
BMW WilliamsF1 Team
88%
Circuit de Spa-Francorchamps
88%
2GBRDavid Coulthard
88%
DHL Jordan Honda
88%
8BRAFelipe Massa
88%
Ferrari
88%
Honda
88%
22CANJacques Villeneuve
88%
6ITAJarno Trulli
88%
Jordan Ford
88%
17FINKimi Räikkönen
88%
23AUSMark Webber
88%
Mercedes
88%
Mild Seven Renault F1 Team
88%
Mugen-Honda
88%
Renault
88%
Acer
81%
Autódromo José Carlos Pace
81%
Autodromo Nazionale di Monza
81%
Belgian
81%
Brazilian
81%
Circuit de Monaco
81%
German
81%
HSBC Jaguar Racing
81%
Indianapolis Motor Speedway
81%
Italian
81%
Jaguar Racing
81%
Jaguar Racing F1 Team
81%
10GBRJenson Button
81%
6COLJuan Pablo Montoya
81%
Monaco
81%
Panasonic Toyota Racing
81%
Scuderia Ferrari Marlboro
81%
Silverstone Circuit
81%
Toyota
81%
United States
81%
West McLaren Mercedes
81%
Autodromo Enzo e Dino Ferrari
75%
BMW
75%
British
75%
European Minardi F1
75%
French
75%
11ITAGiancarlo Fisichella
75%
Hockenheimring
75%
KL Minardi Asiatech
75%
Minardi Cosworth
75%
Nürburgring
75%
18ESPPedro de la Rosa
75%
Red Bull Sauber Petronas
75%
Sauber Petronas
75%
Suzuka Circuit
75%
Telefónica Minardi Fondmetal
75%
Trust Minardi Cosworth
75%
Albert Park Circuit
69%
Canadian
69%
Circuit Gilles Villeneuve
69%
European
69%
Hungarian
69%
Hungaroring
69%
19NEDJos Verstappen
69%
Mild Seven Benetton Playlife
69%
Mild Seven Benetton Renault
69%
Spanish
69%
Australian
63%
Bahrain
63%
Bahrain International Circuit
63%
Circuit de Catalunya
63%
Circuit de Nevers Magny-Cours
63%
7GBREddie Irvine
63%
Ford
63%
Gauloises Prost Peugeot
63%
Japanese
63%
Malaysian
63%
15DEUNick Heidfeld
63%
Prost Acer
63%
10JPNTakuma Sato
63%
A1-Ring
56%
Austrian
56%
Chinese
56%
Cosworth
56%
14FRAJean Alesi
56%
17FINMika Salo
56%
San Marino
56%
Sepang International Circuit
56%
5DEUHeinz-Harald Frentzen
50%
Petronas
50%
Peugeot
50%
Shanghai International Circuit
50%
Arrows F1 Team
44%
Asiatech
44%
Orange Arrows
44%
Orange Arrows Asiatech
44%
12AUTAlexander Wurz
38%
F2002
38%
F2002B
38%
F2004
38%
8GBRJohnny Herbert
38%
9FRAOlivier Panis
38%
F2001
31%
F2003-GA
31%
Fondmetal
31%
Playlife
31%
23BRARicardo Zonta
31%
22GBRAnthony Davidson
25%
C19
25%
C20
25%
C21
25%
15AUTChristian Klien
25%
20ESPMarc Gené
25%
MP4/15
25%
MP4-16
25%
MP4-17
25%
MP4-17D
25%
19DEUTimo Glock
25%
12HUNZsolt Baumgartner
25%
20MYSAlex Yoong
19%
25GBRAllan McNish
19%
C22
19%
C23
19%
FW22
19%
FW23
19%
FW24
19%
7BRALuciano Burti
19%
MP4-19(B)
19%
R1
19%
R2
19%
R23(B)
19%
R3(B)
19%
R4
19%
R5(B)
19%
EJ10(B)
13%
EJ11
13%
EJ12
13%
EJ13
13%
EJ14
13%
F1-2000
13%
FW25
13%
FW26
13%
21ARGGastón Mazzacane
13%
16BRAPedro Diniz
13%
PS02
13%
PS03
13%
PS04B
13%
R24
13%
Supertec
13%
20BRATarso Marques
13%
002
6%
003
6%
004
6%
005
6%
A21
6%
A22
6%
A23
6%
AP03
6%
AP04
6%
B200
6%
B201
6%
21BRACristiano da Matta
6%
15BRAEnrique Bernoldi
6%
19ITAGiorgio Pantano
6%
16GBRJustin Wilson
6%
M02
6%
18DENNicolas Kiesa
6%
PS01(B)
6%
R202
6%
12IRLRalph Firman
6%
TF102
6%
TF103
6%
TF104(B)
6%
23CZETomáš Enge
6%
006
0%
15BRAAntônio Pizzonia
0%
20ITAGianmaria Bruni
0%

Score Distribution

Percentile by Number Answered

Percent of People with Each Score

Your Score History

You have not taken this quiz